Sports Quiz

Random Sports or Basketball Quiz

NBA Net Points Leaders Since 2000-01 Quiz Stats

 Plays Quiz not verified by Sporcle

Challenge
Share
Tweet
Embed
Score 0/140 Timer 10:00
0 Plays Today
Hint Answer % Correct
2000-01Tim Duncan
99%
2001-02Tim Duncan
99%
2002-03Tim Duncan
99%
2003-04Tim Duncan
99%
2004-05Tim Duncan
99%
2005-06Tim Duncan
99%
2006-07Tim Duncan
99%
2012-13Tim Duncan
99%
2008-09LeBron James
98.1%
2009-10LeBron James
98.1%
2010-11LeBron James
98.1%
2011-12LeBron James
98.1%
2012-13LeBron James
98.1%
2002-03Tony Parker
98%
2004-05Tony Parker
98%
2005-06Tony Parker
98%
2006-07Tony Parker
98%
2011-12Tony Parker
98%
2001-02Kobe Bryant
97.4%
2007-08Kobe Bryant
97.4%
2008-09Kobe Bryant
97.4%
2009-10Kobe Bryant
97.4%
2005-06Dwyane Wade
97.2%
2010-11Dwyane Wade
97.2%
2011-12Dwyane Wade
97.2%
2012-13Dwyane Wade
97.2%
2009-10Kevin Durant
96.6%
2011-12Kevin Durant
96.6%
2012-13Kevin Durant
96.6%
2000-01Dirk Nowitzki
96.6%
2001-02Dirk Nowitzki
96.6%
2002-03Dirk Nowitzki
96.6%
2004-05Dirk Nowitzki
96.6%
2005-06Dirk Nowitzki
96.6%
2006-07Dirk Nowitzki
96.6%
2007-08Dirk Nowitzki
96.6%
2010-11Dirk Nowitzki
96.6%
2013-14Kevin Durant
96.5%
2000-01Shaquille O'Neal
96.3%
2001-02Shaquille O'Neal
96.3%
2002-03Kevin Garnett
96.2%
2003-04Kevin Garnett
96.2%
2007-08Kevin Garnett
96.2%
2010-11Kevin Garnett
96.2%
2003-04Jermaine O'Neal
96%
2013-14Stephen Curry
95.5%
2007-08Paul Pierce
95.3%
Hint Answer % Correct
2010-11Paul Pierce
95.3%
2002-03Steve Nash
95.3%
2004-05Steve Nash
95.3%
2006-07Steve Nash
95.3%
2007-08Steve Nash
95.3%
2010-11Chris Bosh
95.3%
2011-12Chris Bosh
95.3%
2012-13Chris Bosh
95.3%
2013-14Chris Bosh
95.3%
2013-14Blake Griffin
94.6%
2011-12Russell Westbrook
94.5%
2012-13Russell Westbrook
94.5%
2013-14Chris Paul
94.5%
2000-01David Robinson
94.4%
2001-02David Robinson
94.4%
2008-09Delonte West
94.4%
2004-05Manu Ginobili
94.1%
2006-07Manu Ginobili
94.1%
2010-11Manu Ginobili
94.1%
2008-09Pau Gasol
93.6%
2010-11Pau Gasol
93.6%
2007-08Ray Allen
93.5%
2008-09Ray Allen
93.5%
2009-10Ray Allen
93.5%
2013-14Manu Ginobili
93.5%
2010-11Derrick Rose
93%
2013-14Klay Thompson
92.9%
2003-04Ben Wallace
92.4%
2005-06Ben Wallace
92.4%
2005-06Rasheed Wallace
92.3%
2008-09Dwight Howard
92.3%
2009-10Dwight Howard
92.3%
2005-06Chauncey Billups
90.1%
2007-08Chauncey Billups
90.1%
2004-05Amar'e Stoudemire
88.2%
2007-08Rajon Rondo
87.5%
2005-06Richard Hamilton
87%
2002-03Jason Kidd
86.3%
2000-01Karl Malone
86.1%
2013-14DeAndre Jordan
86%
2012-13Serge Ibaka
84.4%
2001-02Chris Webber
84.3%
2003-04Reggie Miller
84%
2003-04Brad Miller
84%
2004-05Shawn Marion
82.8%
2006-07Shawn Marion
82.8%
2005-06Tayshaun Prince
82.6%
Hint Answer % Correct
2007-08Tayshaun Prince
82.6%
2009-10Deron Williams
82.4%
2008-09Mo Williams
82.4%
2011-12Mario Chalmers
79%
2012-13Mario Chalmers
79%
2012-13Mike Conley
78.6%
2004-05Joe Johnson
78.2%
2000-01John Stockton
76.3%
2013-14David Lee
76.3%
2007-08Kendrick Perkins
76.2%
2013-14Andre Iguodala
73.4%
2010-11Luol Deng
72.9%
2011-12Luol Deng
72.9%
2008-09Derek Fisher
72.5%
2002-03Peja Stojakovic
72.5%
2011-12James Harden
71.6%
2000-01Michael Finley
64.4%
2002-03Michael Finley
64.4%
2003-04Metta World Peace
64.2%
2009-10Al Horford
64%
2001-02Vlade Divac
63.5%
2002-03Vlade Divac
63.5%
2008-09Lamar Odom
61.1%
2008-09Rashard Lewis
59.8%
2001-02Hedo Turkoglu
58.2%
2003-04Hedo Turkoglu
58.2%
2006-07Bruce Bowen
58.2%
2006-07Jason Terry
58.1%
2009-10Vince Carter
56.3%
2003-04Sam Cassell
54.6%
2012-13Thabo Sefolosha
51.2%
2001-02Doug Christie
49.7%
2002-03Doug Christie
49.7%
2004-05Eddie Jones
42.3%
2009-10Anderson Varejao
41.5%
2005-06Boris Diaw
41.1%
2004-05Quentin Richardson
37.9%
2000-01Damon Stoudamire
35.5%
2006-07Raja Bell
35.4%
2009-10Matt Barnes
31.6%
2000-01Derek Anderson
30.1%
2006-07Devin Harris
25.5%
2001-02Devean George
24.2%
2011-12Matt Bonner
20.5%
2003-04Jeff Foster
15.4%
2000-01Danny Ferry
2.6%

You're not logged in!

Compare scores with friends on all Sporcle quizzes.
Join for Free
OR
Log In

You Might Also Like...

Show Comments

Extras

Top Quizzes Today


Score Distribution

Your Account Isn't Verified!

In order to create a playlist on Sporcle, you need to verify the email address you used during registration. Go to your Sporcle Settings to finish the process.

Report this User

Report this user for behavior that violates our Community Guidelines.

Details: